| 000 | 00659nam a2200205 i 4500 | ||
|---|---|---|---|
| 001 | 139342 | ||
| 003 | ES-MaACL | ||
| 005 | 20230906195755.0 | ||
| 007 | t| | ||
| 008 | 070214m19091910fr a |||| | fre d | ||
| 080 | _a621.3.025 | ||
| 100 | 1 |
_aSartori, Giuseppe. _9103885 |
|
| 245 | 1 | 3 |
_aLa technique pratique des courants alternatifs / _cGiuseppe Sartori. |
| 250 |
_a3e éd. française _btraduite de l'italien, revue et complétée par J. A. Montpellier. |
||
| 260 |
_aParis : _bDunond, _c1909-1910. |
||
| 300 |
_a2 v. : _bil. ; _c25 cm. |
||
| 650 | 0 | 4 |
_aCorriente alterna. _911376 |
| 700 | 1 |
_aMontpellier, J. A. _982720 |
|
| 852 |
_aES-MaACL _jF-1971-72 |
||
| 999 |
_c139342 _d139342 |
||